Барская спесь и Анютины глазки (Запись № 6492158)

Подробности
000 -МАРКЕР
контрольное поле 01663nam0a22003491 4500
001 - ИДЕНТИФИКАТОР ЗАПИСИ
контрольное поле v19\rc\1925578
005 - ИДЕНТИФИКАТОР ВЕРСИИ
контрольное поле 20260406094653.0
035 ## - ДРУГИЕ СИСТЕМНЫЕ НОМЕРА
Идентификатор записи (NLR Aleph) 005011457
100 ## - ДАННЫЕ ОБЩЕЙ ОБРАБОТКИ
Данные общей обработки 20080404d1912 u y0rusy50 ca
101 1# - ЯЗЫК РЕСУРСА
Язык текста, звукозаписи и т.д. русский
Язык оригинала французский
102 ## - СТРАНА ПУБЛИКАЦИИ ИЛИ ПРОИЗВОДСТВА
Страна публикации российская федерация
105 ## - ПОЛЕ КОДИРОВАННЫХ ДАННЫХ: ТЕКСТОВЫЕ МАТЕРИАЛЫ, МОНОГРАФИЧЕСКИЕ
Кодированные данные о монографическом текстовом документе y z |||||
200 1# - ЗАГЛАВИЕ И СВЕДЕНИЯ ОБ ОТВЕТСТВЕННОСТИ
Основное заглавие Барская спесь и Анютины глазки
Сведения, относящиеся к заглавию Водевиль 1 д.
Первые сведения об ответственности Переделан с фр. Д. Ленским
210 ## - ПУБЛИКАЦИЯ, РАСПРОСТРАНЕНИЕ И ДР.
Место издания, распространения и т.д. Москва
Имя издателя, распространителя и т. д. С. Рассохин
Дата издания, распространения и т.д. 1912
300 ## - ОБЩИЕ ПРИМЕЧАНИЯ
Текст примечания Авт. ориг. изд.: Баяр Жан Франсуа Альфред (1796-1853) и Дюмануар Филипп Франсуа (1806-1867); источник: Рус. драм. театр. М., 1979. Т. 4. С. 291
300 ## - ОБЩИЕ ПРИМЕЧАНИЯ
Текст примечания Загл. оригинала: La marquise de Prétintaille
316 ## - ПРИМЕЧАНИЯ ОБ ОСОБЕННОСТЯХ ЭКЗЕМПЛЯРА
Текст примечания Экземпляр РНБ (34.83.8.952): утрачен
Организация и экземпляр, к которому относится поле NLR: 34.83.8.952
454 #0 - ОРИГИНАЛ (ПЕРЕВОДА)
Встроенное поле 2001#$aLa marquise de Prétintaille
Заглавие La marquise de Prétintaille
700 #1 - ИМЯ ЛИЦА - ПЕРВИЧНАЯ ОТВЕТСТВЕННОСТЬ
Материалы, к которым относится поле rus
Графика поля Кириллица
Начальный элемент ввода Ленский
Часть имени, кроме начального элемента ввода Д. Т.
Даты 1805-1860
Расширение инициалов личного имени Дмитрий Тимофеевич
Идентификатор авторитетной/нормативной записи RU\NLR\AUTH\7769693
Системный номер авторитетной/нормативной записи 52621
702 #1 - ИМЯ ЛИЦА - ВТОРИЧНАЯ ОТВЕТСТВЕННОСТЬ
Код отношения Библиографический предшественник
Графика поля Кириллица
Материалы, к которым относится поле rus
Начальный элемент ввода Баяр
Часть имени, кроме начального элемента ввода Ж. Ф. А.
Даты 1796-1853
Расширение инициалов личного имени Жан Франсуа Альфред
Системный номер авторитетной/нормативной записи 148535
Идентификатор авторитетной/нормативной записи RU\NLR\AUTH\MXL\7718696
702 #1 - ИМЯ ЛИЦА - ВТОРИЧНАЯ ОТВЕТСТВЕННОСТЬ
Код отношения Библиографический предшественник
Графика поля Кириллица
Материалы, к которым относится поле rus
Начальный элемент ввода Дюмануар
Часть имени, кроме начального элемента ввода Ф. Ф. П.
Даты 1806-1865
Расширение инициалов личного имени Филипп Франсуа Пинель
Системный номер авторитетной/нормативной записи 173012
Идентификатор авторитетной/нормативной записи RU\NLR\AUTH\770173063
801 #0 - ИСТОЧНИК ЗАПИСИ
Страна российская федерация
Организация NLR
Правила каталогизации psbo
801 #0 - ИСТОЧНИК ЗАПИСИ
Страна российская федерация
Организация RuMoRGB
Источник данных psbo
801 #1 - ИСТОЧНИК ЗАПИСИ
Страна российская федерация
Организация ProSoft-M
Источник данных rusmarc
852 ## - МЕСТОНАХОЖДЕНИЕ И ШИФР ХРАНЕНИЯ
Идентификатор организации NLR
Шифр хранения (Call Number) 34.83.8.952
899 ## - ДАННЫЕ О МЕСТОНАХОЖДЕНИИ (устаревшее)
Местонахождение RuMoRGB
Шифр хранения V 16/1915
899 ## - ДАННЫЕ О МЕСТОНАХОЖДЕНИИ (устаревшее)
Местонахождение RuMoRGB
Шифр хранения V 306/485
899 ## - ДАННЫЕ О МЕСТОНАХОЖДЕНИИ (устаревшее)
Местонахождение БАН
942 ## - ДОПОЛНИТЕЛЬНЫЕ ЭЛЕМЕНТЫ ЗАПИСИ (АБИС)
Тип экземпляра АБИС Книга
980 ## - КОЛЛЕКЦИЯ
Название коллекции Национальная библиография
Экземпляры
Тип экземпляра Дата поступления Библиотека постоянного хранения Библиотека текущего хранения Место хранения Шифр хранения Штрих-код Статус не для выдачи
Книга 26.10.2013 РНБ (Садовая) РНБ (Садовая) Русский книжный фонд -Главное здание, Ленинский читальный зал 34.83.8.952 5011457-10